UITU Library & LRC     

Wireless Robot Controlled by Touch screen (Record no. 33030)

MARC details
000 -LEADER
fixed length control field 00581nam a2200145Ia 4500
008 - FIXED-LENGTH DATA ELEMENTS--GENERAL INFORMATION
fixed length control field 260210s9999 xx 000 0 und d
024 ## - OTHER STANDARD IDENTIFIER
Standard number or code 08B-48-EE, 08B-20-EE, 08B-01-EE & 08B-02-EE
082 ## - DEWEY DECIMAL CLASSIFICATION NUMBER
Classification number 621.83072 MUH
100 ## - MAIN ENTRY--PERSONAL NAME
Personal name Muhammad Arqam, Talha Nayyar, Masroor Afzal & Furqan Majeed
245 #0 - TITLE STATEMENT
Title Wireless Robot Controlled by Touch screen
260 ## - PUBLICATION, DISTRIBUTION, ETC.
Place of publication, distribution, etc. Karachi:
Name of publisher, distributor, etc. UITU,
Date of publication, distribution, etc. 2008
600 ## - SUBJECT ADDED ENTRY--PERSONAL NAME
Personal name Electronic Engineering
650 ## - SUBJECT ADDED ENTRY--TOPICAL TERM
Topical term or geographic name entry element Bachelor of Engineering (BE)
856 ## - ELECTRONIC LOCATION AND ACCESS
Uniform Resource Identifier <a href="https://drive.google.com/file/d/175F2sMn5TO5BDYbq_O0o_7h_Tt4yT6EL/view?usp=sharing">https://drive.google.com/file/d/175F2sMn5TO5BDYbq_O0o_7h_Tt4yT6EL/view?usp=sharing</a>
Link text Click here for PDF

No items available.

Powered by Koha